[Event "JBLN Ost 0001"]
[Site "Germany"]
[Date "2001.02.25"]
[Round "?"]
[White "Barna, Daniel"]
[Black "Burisch, Christin"]
[Result "0-1"]
[WhiteElo "1534"]
[BlackElo "1803"]
[PlyCount "36"]
[EventDate "2000.??.??"]
[EventType "team"]
[EventRounds "9"]
[EventCountry "GER"]
[SourceTitle "EXT 2003"]
[Source "ChessBase"]
[SourceDate "2002.11.25"]
[SourceVersion "1"]
[SourceVersionDate "2002.11.25"]
[SourceQuality "1"]

1. d4 d5 2. Nf3 e6 3. e3 Bd6 4. Bd3 f5 5. 0-0 Nf6 6. b3 0-0 7. Bb2 Nbd7 8. Nbd2 c6 9. Ne5 Bxe5 10. dxe5 Ng4 11. h3 Ngxe5 12. f4 Ng6 13. Nf3 Qe7 14. Rc1 e5 15. Be2 exf4 16. exf4 Nxf4 17. Re1 Qf7 18. c4 Qg6 0-1

[Event "JBLN Ost 0001"]
[Site "Germany"]
[Date "2001.01.14"]
[Round "?"]
[White "Barna, Daniel"]
[Black "Woehl, Ulrike"]
[Result "1/2-1/2"]
[WhiteElo "1534"]
[BlackElo "1729"]
[PlyCount "53"]
[EventDate "2000.??.??"]
[EventType "team"]
[EventRounds "9"]
[EventCountry "GER"]
[SourceTitle "EXT 2003"]
[Source "ChessBase"]
[SourceDate "2002.11.25"]
[SourceVersion "1"]
[SourceVersionDate "2002.11.25"]
[SourceQuality "1"]

1. d4 d5 2. Nf3 Nf6 3. e3 e6 4. Bd3 Be7 5. 0-0 b6 6. b3 Bb7 7. Bb2 0-0 8. Nbd2 Nbd7 9. Rc1 c5 10. c4 Re8 11. Re1 Ne4 12. cxd5 exd5 13. dxc5 Bxc5 14. Nd4 Bb4 15. Bxe4 dxe4 16. a3 Bf8 17. Nc4 Nc5 18. Rc2 Qg5 19. b4 Nd3 20. Ree2 Rad8 21. Red2 g6 22. Ne2 Nxb2 23. Rxb2 Bg7 24. Rbc2 Bd5 25. Nf4 Bxc4 26. Rxc4 Rc8 27. Qc2 1/2-1/2

[Event "JBLN Ost 0001"]
[Site "Germany"]
[Date "2000.11.25"]
[Round "?"]
[White "Barna, Daniel"]
[Black "Svensson, Tim"]
[Result "1/2-1/2"]
[WhiteElo "1534"]
[BlackElo "1353"]
[PlyCount "81"]
[EventDate "2000.??.??"]
[EventType "team"]
[EventRounds "9"]
[EventCountry "GER"]
[SourceTitle "EXT 2003"]
[Source "ChessBase"]
[SourceDate "2002.11.25"]
[SourceVersion "1"]
[SourceVersionDate "2002.11.25"]
[SourceQuality "1"]

1. d4 Nf6 2. Nf3 g6 3. e3 Bg7 4. b3 0-0 5. Bb2 d6 6. Be2 Nbd7 7. 0-0 c5 8. c4 a6 9. Qc2 Rb8 10. Nc3 Nb6 11. Rfd1 Qc7 12. Rd2 Bf5 13. Bd3 Bxd3 14. Rxd3 Rfd8 15. Rad1 Rd7 16. d5 Rdd8 17. e4 Nbd7 18. Re3 Ng4 19. Red3 Nge5 20. Nxe5 Nxe5 21. Rg3 b5 22. f4 Nd7 23. Qe2 b4 24. Nb1 Bxb2 25. Qxb2 a5 26. f5 Ne5 27. fxg6 hxg6 28. Rf1 Qd7 29. Qd2 Kg7 30. Qf4 Rh8 31. Nd2 Rbf8 32. Re1 f6 33. Nf1 g5 34. Qd2 Ng4 35. h3 Nh6 36. Ne3 Kf7 37. Rf1 Ke8 38. a3 Qb7 39. axb4 axb4 40. Ra1 Kd7 41. Nf5 1/2-1/2